[Event "DMP - II Liga seniorow"]
[Site "Mrzezyno"]
[Date "2011.09.06"]
[Round "4"]
[White "Sopur, Lech"]
[Black "Gumula, Daniel"]
[Result "1-0"]
[WhiteElo "2422"]
[BlackElo "2290"]
[PlyCount "51"]
[EventDate "2011.09.??"]

1. d4 Nf6 2. c4 e5 3. dxe5 Ng4 4. Bf4 g5 5. Bd2 Nxe5 6. Nf3 Bg7 7. Nxe5 Bxe5 8.
Nc3 Nc6 9. Qc1 Rg8 10. g3 d6 11. Bg2 Be6 12. Nd5 h6 13. Bc3 Bxd5 14. cxd5 Bxc3+
15. Qxc3 Ne5 16. Rc1 Qe7 17. O-O O-O-O 18. Qa5 Kb8 19. Rc3 f5 20. Rfc1 Rg7 21.
Ra3 a6 22. Rcc3 Kc8 23. Rab3 Rd7 24. Rxb7 Kxb7 25. Rb3+ Ka7 26. Qb4 1-0

[Event "DMP - II Liga seniorow"]
[Site "Mrzezyno"]
[Date "2011.09.06"]
[Round "4"]
[White "Tokarski, Lukasz"]
[Black "Rawski, Slawomir"]
[Result "1-0"]
[WhiteElo "2304"]
[BlackElo "2205"]
[PlyCount "71"]
[EventDate "2011.09.??"]

1. e4 e6 2. d4 d5 3. Nc3 Nf6 4. Bg5 dxe4 5. Nxe4 Nbd7 6. Nxf6+ Nxf6 7. Nf3 h6
8. Bh4 Be7 9. Bd3 O-O 10. Qd2 Ne4 11. Qe3 Ng5 12. Ne5 c5 13. O-O-O cxd4 14. Qf4
Qd6 15. Bg3 f6 16. Ng6 e5 17. Qh4 Re8 18. f4 exf4 19. Bxf4 Qc5 20. Rhe1 Bd7 21.
Qg3 Nf7 22. Nxe7+ Rxe7 23. Rxe7 Qxe7 24. Bc4 g5 25. Re1 Qc5 26. Qb3 Rf8 27. Bd2
b5 28. Bd5 Bc6 29. Be6 d3 30. Qxd3 Kg7 31. Bc3 Ne5 32. Qf5 Qe7 33. h4 Bd7 34.
Rxe5 Be8 35. hxg5 hxg5 36. Re1 1-0

[Event "DMP - II Liga seniorow"]
[Site "Mrzezyno"]
[Date "2011.09.06"]
[Round "4"]
[White "Walkusz, Witoslaw"]
[Black "Pinkas, Karol"]
[Result "1-0"]
[WhiteElo "2150"]
[BlackElo "2320"]
[PlyCount "137"]
[EventDate "2011.09.??"]

1. e4 e5 2. Nf3 Nc6 3. Bb5 a6 4. Bxc6 dxc6 5. O-O Bg4 6. h3 h5 7. d3 Qf6 8.
Nbd2 Ne7 9. Re1 Ng6 10. d4 Nf4 11. dxe5 Qg6 12. Nh4 Bxd1 13. Nxg6 fxg6 14. Rxd1
O-O-O 15. Kf1 g5 16. Re1 g4 17. Nf3 Ng6 18. Ng5 Re8 19. Nf7 Rg8 20. f4 gxf3 21.
gxf3 Bb4 22. c3 Rgf8 23. e6 Bd6 24. Ng5 Bg3 25. Rd1 Ne5 26. Ke2 Bh4 27. Rg1
Bxg5 28. Rxg5 Rxe6 29. Rxg7 Nxf3 30. Be3 Rxe4 31. Rf1 Nd4+ 32. Kd3 Rxe3+ 33.
Kxe3 Rxf1 34. Kxd4 b6 35. Rg5 Rf4+ 36. Ke3 Rh4 37. Rg3 a5 38. a3 c5 39. Kf3 Kb7
40. Kg2 Rf4 41. Rg5 Rc4 42. Rxh5 b5 43. Rg5 b4 44. axb4 axb4 45. Rg3 Kc6 46.
Re3 Kb5 47. Kg3 Ka4 48. h4 Kb3 49. h5 Kxb2 50. h6 Rxc3 51. Rxc3 bxc3 52. h7 c2
53. h8=Q+ Kb1 54. Qb8+ Ka2 55. Qa7+ Kb2 56. Qb7+ Kc3 57. Qf3+ Kb2 58. Qf6+ Kb1
59. Qf5 Kb2 60. Qe5+ Kb1 61. Qe4 Kb2 62. Qe2 c6 63. Qe5+ Kb1 64. Qb8+ Kc1 65.
Kf2 c4 66. Ke2 c5 67. Qb7 c3 68. Kd3 c4+ 69. Kxc3 1-0

[Event "DMP - II Liga seniorow"]
[Site "Mrzezyno"]
[Date "2011.09.06"]
[Round "4"]
[White "Kolosowski, Pawel"]
[Black "Zdrojewski, Wojciech"]
[Result "1/2-1/2"]
[WhiteElo "2302"]
[BlackElo "2176"]
[PlyCount "70"]
[EventDate "2011.09.??"]

1. e4 e6 2. d3 d5 3. Nd2 Nf6 4. Ngf3 b6 5. g3 Ba6 6. Qe2 c5 7. Bg2 Nc6 8. O-O
Be7 9. a3 dxe4 10. Nxe4 Rc8 11. Bd2 O-O 12. Rac1 Nxe4 13. Qxe4 Bf6 14. Qa4 Bb7
15. b4 Qc7 16. bxc5 bxc5 17. Be3 Na5 18. Bf4 Qd8 19. Rb1 Bc6 20. Rb5 Bxb5 21.
Qxb5 Qb6 22. Rb1 c4 23. Qxb6 axb6 24. Rxb6 cxd3 25. cxd3 Be7 26. a4 Rc6 27. Rb5
Rc5 28. Ne5 Rd8 29. Rxc5 Bxc5 30. Bd2 Bb6 31. Bxa5 Bxa5 32. Nc6 Ra8 33. Ne7+
Kf8 34. Ng6+ hxg6 35. Bxa8 g5 1/2-1/2

[Event "DMP - II Liga seniorow"]
[Site "Mrzezyno"]
[Date "2011.09.06"]
[Round "4"]
[White "Walkusz, Miroslaw"]
[Black "Tokarski, Bartosz"]
[Result "0-1"]
[WhiteElo "1954"]
[BlackElo "2155"]
[PlyCount "61"]
[EventDate "2011.09.??"]

1. Nf3 Nf6 2. d4 g6 3. c4 Bg7 4. Nc3 d6 5. e4 O-O 6. Be2 e5 7. d5 a5 8. Bg5 h6
9. Bh4 Na6 10. Nd2 Qe8 11. a3 Bd7 12. b3 Nh7 13. Rb1 h5 14. f3 f5 15. O-O g5
16. Bf2 f4 17. b4 axb4 18. axb4 Qg6 19. c5 g4 20. c6 bxc6 21. dxc6 Be6 22. b5
Nc5 23. Bxc5 dxc5 24. Bc4 Bxc4 25. Nxc4 gxf3 26. Qxf3 Ng5 27. Qd3 f3 28. g3 h4
29. Nxe5 Bxe5 30. Qd5+ Qf7 31. gxh4 0-1

[Event "DMP - II Liga seniorow"]
[Site "Mrzezyno"]
[Date "2011.09.06"]
[Round "4"]
[White "Guzik, Jolanta"]
[Black "Maszota, Natalia"]
[Result "0-1"]
[WhiteElo "2150"]
[BlackElo "2112"]
[PlyCount "94"]
[EventDate "2011.09.??"]

1. c4 e5 2. Nc3 d6 3. g3 Nd7 4. Bg2 Ngf6 5. e3 g6 6. Nge2 Bg7 7. d3 O-O 8. Rb1
Re8 9. O-O Nf8 10. b4 h5 11. b5 Ne6 12. a4 Rb8 13. a5 Nc5 14. e4 Bg4 15. f3 Bd7
16. Be3 c6 17. Ra1 Be6 18. Qc2 Bf8 19. Rfd1 Qc7 20. f4 Ng4 21. Bd2 Qc8 22. bxc6
bxc6 23. Rdb1 Rxb1+ 24. Rxb1 Qa6 25. Bf3 Qxa5 26. Nd5 Qd8 27. Ne3 Nxe3 28. Bxe3
Qc7 29. f5 Bc8 30. g4 hxg4 31. Bxg4 Qe7 32. Ng3 Qh4 33. Bf3 Bh6 34. Bf2 Qf4 35.
Qb2 Qd2 36. Qxd2 Bxd2 37. Be2 a5 38. Bxc5 dxc5 39. fxg6 fxg6 40. Bd1 Bh3 41.
Kf2 Rf8+ 42. Bf3 Bb4 43. Ke3 a4 44. Ra1 a3 45. Ra2 Kg7 46. Bd1 Kh6 47. Ba4 Bg4
0-1

[Event "DMP - II Liga seniorow"]
[Site "Mrzezyno"]
[Date "2011.09.06"]
[Round "4"]
[White "Szczepkowska-horowska, Karina"]
[Black "Wisniewski, Adrian"]
[Result "1/2-1/2"]
[WhiteElo "2353"]
[BlackElo "2373"]
[PlyCount "70"]
[EventDate "2011.09.??"]

1. e4 e6 2. d4 d5 3. Nd2 a6 4. Ngf3 c5 5. dxc5 Bxc5 6. Bd3 Nf6 7. O-O Nc6 8. a3
b5 9. b4 Bb6 10. Bb2 Bb7 11. e5 Nd7 12. Qe2 g5 13. Nb3 Bc7 14. Nfd4 Ncxe5 15.
Nc5 Nxc5 16. bxc5 Qf6 17. Rfe1 O-O 18. c6 Bc8 19. Nf5 exf5 20. Bxe5 Qxc6 21.
Bxc7 Qxc7 22. Qh5 f6 23. Qf3 Qf7 24. a4 Bd7 25. axb5 axb5 26. Bxf5 Bxf5 27.
Qxf5 Rae8 28. h3 Kg7 29. Qd3 Rxe1+ 30. Rxe1 Qd7 31. Rb1 Rb8 32. Rd1 Re8 33. Rb1
Rb8 34. Rd1 Rd8 35. Rb1 Rb8 1/2-1/2

[Event "DMP - II Liga seniorow"]
[Site "Mrzezyno"]
[Date "2011.09.06"]
[Round "4"]
[White "Tymrakiewicz, Rafal"]
[Black "Matras-clement, Agnieszka"]
[Result "0-1"]
[WhiteElo "2322"]
[BlackElo "2272"]
[PlyCount "52"]
[EventDate "2011.09.??"]

1. Nf3 d5 2. d4 Nf6 3. Bg5 Ne4 4. Bf4 c5 5. e3 Qb6 6. Nc3 Nxc3 7. bxc3 Nc6 8.
Be2 Qb2 9. O-O Qxc3 10. Rb1 e6 11. Rb3 Qa5 12. Qb1 c4 13. Rb5 Qd8 14. c3 Bd6
15. Bxd6 Qxd6 16. e4 O-O 17. Ng5 g6 18. f4 h6 19. Nh3 a6 20. Rb6 Qa3 21. exd5
exd5 22. f5 Bxf5 23. Rxf5 gxf5 24. Qc2 Rae8 25. Rb1 Re3 26. Qxf5 Qe7 0-1

[Event "DMP - II Liga seniorow"]
[Site "Mrzezyno"]
[Date "2011.09.06"]
[Round "4"]
[White "Tobolski, Jakub"]
[Black "Zgadzaj, Rafal"]
[Result "1-0"]
[WhiteElo "2099"]
[BlackElo "2251"]
[PlyCount "71"]
[EventDate "2011.09.??"]

1. e4 d6 2. d4 Nf6 3. Nc3 c6 4. Be2 g6 5. h4 h5 6. Bg5 Bg7 7. Qd2 Qc7 8. Nf3
Nbd7 9. O-O-O O-O 10. Nh2 b5 11. f3 b4 12. Nb1 c5 13. g4 cxd4 14. Bh6 e5 15.
gxh5 Nxh5 16. Ng4 b3 17. axb3 Nc5 18. Bc4 Bxg4 19. Bxg7 Kxg7 20. fxg4 Ng3 21.
Qg2 Nxh1 22. Rxh1 d3 23. Nc3 dxc2 24. Qf3 Ne6 25. g5 Qd8 26. Nd5 Rh8 27. Qf2
Nxg5 28. Rf1 Rb8 29. Kxc2 Rf8 30. hxg5 Qxg5 31. Rg1 Qd8 32. Ne3 Qf6 33. Nf5+
Kg8 34. Rxg6+ Qxg6 35. Ne7+ Kh7 36. Nxg6 1-0

[Event "DMP - II Liga seniorow"]
[Site "Mrzezyno"]
[Date "2011.09.06"]
[Round "4"]
[White "Malecki, Rafal"]
[Black "Cichy, Kamil"]
[Result "1-0"]
[WhiteElo "2178"]
[BlackElo "1946"]
[PlyCount "77"]
[EventDate "2011.09.??"]

1. Nf3 c5 2. g3 g6 3. Bg2 Bg7 4. O-O Nc6 5. d3 d6 6. e4 e5 7. c3 Nge7 8. Nh4
O-O 9. f4 f5 10. Be3 Rb8 11. Nd2 Qc7 12. a4 a6 13. Ndf3 h6 14. fxe5 Nxe5 15.
Nxe5 dxe5 16. Qb3+ Kh7 17. Qa3 Bf6 18. Bxc5 Rd8 19. exf5 Nxf5 20. Nxf5 gxf5 21.
Rad1 b6 22. Be3 Be6 23. d4 Be7 24. b4 e4 25. Qc1 Rbc8 26. d5 Bd7 27. Bd4 Bg5
28. Qc2 Re8 29. g4 Kg6 30. gxf5+ Bxf5 31. Rxf5 Kxf5 32. Rf1+ Bf4 33. Bh3+ Kg6
34. Qg2+ Bg5 35. Bf5+ Kf7 36. Bxc8+ Ke7 37. Qxe4+ Kd8 38. Be6 Be7 39. Be5 1-0

[Event "DMP - II Liga seniorow"]
[Site "Mrzezyno"]
[Date "2011.09.06"]
[Round "4"]
[White "Smolka, Marcin"]
[Black "Chojnacki, Slawomir"]
[Result "0-1"]
[WhiteElo "1891"]
[BlackElo "2237"]
[PlyCount "72"]
[EventDate "2011.09.??"]

1. e4 c6 2. d4 d5 3. Nc3 dxe4 4. Nxe4 Bf5 5. Ng3 Bg6 6. h4 h6 7. f4 e6 8. Nf3
Nd7 9. Bd3 Ne7 10. h5 Bxd3 11. Qxd3 Qb6 12. Bd2 Qxb2 13. O-O Qb6 14. Ne4 Nf5
15. c4 O-O-O 16. Kh1 Nf6 17. c5 Qb5 18. Qxb5 cxb5 19. Nxf6 Ng3+ 20. Kg1 gxf6
21. Rfe1 Nf5 22. Ba5 Rd5 23. Rad1 Rg8 24. Kf2 Ng3 25. Rb1 b6 26. cxb6 axb6 27.
Bxb6 Nxh5 28. g3 Rxg3 29. a4 Rg8 30. axb5 Nxf4 31. Rec1+ Kb7 32. Rc6 Nd3+ 33.
Ke3 Nb4 34. Bc5 Nxc6 35. bxc6+ Kxc6 36. Rb8 Rxc5 0-1

[Event "DMP - II Liga seniorow"]
[Site "Mrzezyno"]
[Date "2011.09.06"]
[Round "4"]
[White "Tymrakiewicz, Marianna"]
[Black "Dziodzio, Angelika"]
[Result "0-1"]
[WhiteElo "1870"]
[BlackElo "1939"]
[PlyCount "100"]
[EventDate "2011.09.??"]

1. e4 c5 2. Nc3 d6 3. g3 Nc6 4. Bg2 g6 5. d3 Bg7 6. Be3 e6 7. Qd2 Rb8 8. Nge2
Nd4 9. O-O a6 10. Nd1 Ne7 11. c3 Nxe2+ 12. Qxe2 O-O 13. Qd2 Re8 14. f3 b6 15.
Nf2 f5 16. Nh3 Qd7 17. Bh6 Bb7 18. Qg5 Nc6 19. Rae1 Ne5 20. Bxg7 Qxg7 21. Nf4
Qf7 22. d4 Nd7 23. Nd3 h6 24. Qd2 e5 25. d5 Rf8 26. c4 b5 27. b3 Bc8 28. Rb1
Nb6 29. Nb2 Qb7 30. Qc2 Bd7 31. Kh1 f4 32. Nd3 fxg3 33. hxg3 a5 34. f4 exf4 35.
Nxf4 Qc8 36. cxb5 Qe8 37. Qc3 Kh7 38. Qxa5 Bxb5 39. Ne6 Rxf1+ 40. Bxf1 Bd7 41.
Bh3 Nc4 42. Qc3 Ne5 43. Rf1 Qe7 44. Qe3 Bb5 45. Rf2 Bd3 46. Rh2 h5 47. Rf2 Rb4
48. Ng5+ Kg7 49. Ne6+ Kh7 50. Ng5+ Kh8 0-1

[Event "DMP - II Liga seniorow"]
[Site "Mrzezyno"]
[Date "2011.09.06"]
[Round "4"]
[White "Zeberski, Jakub"]
[Black "Zolnierowicz, Krzysztof"]
[Result "1/2-1/2"]
[WhiteElo "2374"]
[BlackElo "2230"]
[PlyCount "45"]
[EventDate "2011.09.??"]

1. e4 e5 2. Nf3 Nc6 3. Bb5 Nge7 4. O-O g6 5. c3 Bg7 6. d3 O-O 7. Nbd2 d6 8. h3
h6 9. Re1 Be6 10. Nf1 a6 11. Ba4 b5 12. Bb3 Qd7 13. d4 Bxb3 14. axb3 exd4 15.
cxd4 d5 16. e5 Nd8 17. Ng3 Ne6 18. b4 c6 19. Be3 Kh7 20. Qd2 Ng8 21. Nh2 f5 22.
f4 Rf7 23. Nf3 1/2-1/2

[Event "DMP - II Liga seniorow"]
[Site "Mrzezyno"]
[Date "2011.09.06"]
[Round "4"]
[White "Goluch, Piotr"]
[Black "Stuczynski, Andrzej"]
[Result "1/2-1/2"]
[WhiteElo "2155"]
[BlackElo "2257"]
[PlyCount "72"]
[EventDate "2011.09.??"]

1. Nf3 Nf6 2. g3 c5 3. Bg2 Nc6 4. c4 d5 5. cxd5 Nxd5 6. Nc3 Nc7 7. O-O e5 8. d3
Be7 9. Be3 Be6 10. Nd2 Qd7 11. Qa4 Nd5 12. Nxd5 Bxd5 13. Bxd5 Qxd5 14. Qg4 g6
15. Bh6 Nd4 16. e4 Qe6 17. Qxe6 Nxe6 18. Nc4 f6 19. Be3 O-O-O 20. Rfd1 Rd7 21.
Kf1 Rhd8 22. Ke2 Bd6 23. Rac1 Rc7 24. b4 b6 25. Nxd6+ Rxd6 26. bxc5 bxc5 27. f4
Ra6 28. Rd2 exf4 29. gxf4 Ra4 30. Rc4 Ra3 31. Rdc2 Ra5 32. a4 f5 33. Bd2 Ra6
34. Rb2 Rb6 35. Ra2 Rb3 36. Ke3 Kd7 1/2-1/2

[Event "DMP - II Liga seniorow"]
[Site "Mrzezyno"]
[Date "2011.09.06"]
[Round "4"]
[White "Gawronski, Miroslaw"]
[Black "Mlodzinska, Irena"]
[Result "1-0"]
[WhiteElo "2165"]
[BlackElo "1926"]
[PlyCount "65"]
[EventDate "2011.09.??"]

1. d4 f5 2. Bf4 d6 3. e3 g6 4. Nf3 Bg7 5. Bc4 h6 6. h3 Nf6 7. O-O Nbd7 8. c3
Nb6 9. Bb3 e6 10. c4 O-O 11. Nc3 Kh7 12. Rc1 c6 13. Qe2 Re8 14. Rfe1 Ne4 15.
Nxe4 fxe4 16. Nd2 d5 17. f3 e5 18. dxe5 Bxe5 19. cxd5 exf3 20. Qxf3 Bxf4 21.
Qxf4 Rf8 22. Qg3 Nxd5 23. Nf3 Nf6 24. Bc2 Rg8 25. Nh4 Qe8 26. Rf1 Ne4 27. Bxe4
Qxe4 28. Rf7+ Kh8 29. Rc4 Qb1+ 30. Kh2 Qxb2 31. Nxg6+ Rxg6 32. Qxg6 Qe5+ 33.
Rcf4 1-0

[Event "DMP - II Liga seniorow"]
[Site "Mrzezyno"]
[Date "2011.09.06"]
[Round "4"]
[White "Grzeskow, Adrian"]
[Black "Tofil, Borys"]
[Result "0-1"]
[WhiteElo "1874"]
[BlackElo "2197"]
[PlyCount "80"]
[EventDate "2011.09.??"]

1. Nf3 g6 2. g3 Bg7 3. Bg2 d6 4. d4 c6 5. O-O Nf6 6. c4 O-O 7. Nc3 Bg4 8. Qc2
Re8 9. Rd1 Qc7 10. h3 Bxf3 11. exf3 Nbd7 12. f4 e6 13. b4 Nb6 14. Ne2 a5 15.
bxa5 Rxa5 16. Bd2 Ra7 17. a4 d5 18. cxd5 exd5 19. Nc3 Nc4 20. Bf1 Qd7 21. Re1
Raa8 22. Rxe8+ Nxe8 23. Be3 Ned6 24. Kg2 Re8 25. Re1 Nxe3+ 26. fxe3 Bxd4 27.
Nd1 Nf5 28. Qb3 Nd6 29. Bd3 Bg7 30. Nf2 f5 31. Re2 Qe6 32. h4 Nf7 33. Nh3 Re7
34. Ng1 c5 35. Bc2 c4 36. Qa2 Qc6 37. Kf1 Qc5 38. Bd1 Rxe3 39. Rxe3 Qxe3 40.
Qf2 Qc1 0-1

[Event "DMP - II Liga seniorow"]
[Site "Mrzezyno"]
[Date "2011.09.06"]
[Round "4"]
[White "Garbowska, Hanna"]
[Black "Starczewska, Dominika"]
[Result "1/2-1/2"]
[WhiteElo "2025"]
[BlackElo "1910"]
[PlyCount "81"]
[EventDate "2011.09.??"]

1. e4 c5 2. Nf3 Nc6 3. d4 cxd4 4. Nxd4 Nf6 5. Nc3 e5 6. Ndb5 d6 7. Bg5 a6 8.
Na3 b5 9. Nd5 Be7 10. Bxf6 Bxf6 11. c4 b4 12. Nc2 a5 13. g3 O-O 14. Bg2 b3 15.
Nce3 bxa2 16. Rxa2 Rb8 17. O-O Bb7 18. Nf5 Ba6 19. b3 Bc8 20. Nxf6+ Qxf6 21.
Nxd6 Nd4 22. Nxc8 Rfxc8 23. Rxa5 Rxb3 24. Qg4 Rbb8 25. Qd7 Rd8 26. Qc7 Re8 27.
Rd5 h6 28. c5 Nb5 29. Qa5 Nd4 30. Rd6 Qe7 31. f4 Rb5 32. Qa3 Rb3 33. Qa4 Rbb8
34. fxe5 Ne2+ 35. Kh1 Qxe5 36. Qc4 Qh5 37. g4 Ng3+ 38. Kg1 Ne2+ 39. Kh1 Ng3+
40. Kg1 Ne2+ 41. Kh1 1/2-1/2

[Event "DMP - II Liga seniorow"]
[Site "Mrzezyno"]
[Date "2011.09.06"]
[Round "4"]
[White "Kukula, Pawel"]
[Black "Borkowski, Franciszek"]
[Result "1/2-1/2"]
[WhiteElo "2240"]
[BlackElo "2325"]
[PlyCount "65"]
[EventDate "2011.09.??"]

1. d4 Nf6 2. c4 g6 3. Nc3 Bg7 4. e4 d6 5. Nge2 O-O 6. Ng3 e5 7. d5 Ne8 8. h4 f5
9. exf5 gxf5 10. Nh5 Bh8 11. Bg5 Nf6 12. g4 Qe8 13. Nxf6+ Bxf6 14. Bxf6 Rxf6
15. g5 Rf8 16. Be2 a5 17. Qd2 Na6 18. O-O-O Nc5 19. h5 f4 20. Bd3 Bg4 21. Ne4
Nxe4 22. Bxe4 Bxd1 23. Qxd1 Qe7 24. f3 Kh8 25. g6 h6 26. Rg1 Kg7 27. Kb1 Qd7
28. Qe1 Rf6 29. Qd1 Rf5 30. Bxf5 Qxf5+ 31. Qc2 Qxh5 32. c5 dxc5 33. Qxc5
1/2-1/2

[Event "DMP - II Liga seniorow"]
[Site "Mrzezyno"]
[Date "2011.09.06"]
[Round "4"]
[White "Zyla, Janusz"]
[Black "Gajek, Radoslaw"]
[Result "0-1"]
[WhiteElo "2208"]
[BlackElo "2109"]
[PlyCount "47"]
[EventDate "2011.09.??"]

1. e4 e5 2. Nf3 Nc6 3. Bb5 a6 4. Ba4 Nf6 5. d3 b5 6. Bb3 Be7 7. Nc3 O-O 8. a4
b4 9. Nd5 d6 10. a5 Be6 11. Bd2 Nd7 12. Nxb4 Nxb4 13. Bxb4 Bxb3 14. cxb3 Qb8
15. Bc3 Qb5 16. d4 Rab8 17. b4 d5 18. dxe5 Bxb4 19. Qxd5 Nc5 20. Nd4 Bxc3+ 21.
bxc3 Qd3 22. Ne2 Rb5 23. Qxd3 Nxd3+ 24. Kf1 0-1

[Event "DMP - II Liga seniorow"]
[Site "Mrzezyno"]
[Date "2011.09.06"]
[Round "4"]
[White "Zwolakiewicz, Krzysztof"]
[Black "Antkowiak, Grzegorz"]
[Result "1/2-1/2"]
[WhiteElo "2119"]
[BlackElo "2199"]
[PlyCount "52"]
[EventDate "2011.09.??"]

1. e4 c5 2. Na3 g6 3. c3 Bg7 4. f4 d5 5. Bb5+ Kf8 6. e5 h5 7. Nf3 Bg4 8. O-O e6
9. b3 Ne7 10. Nc2 Qb6 11. Be2 Nbc6 12. Ba3 Kg8 13. Qe1 Bxf3 14. Bxf3 Nf5 15.
Qf2 Bf8 16. Be2 Kg7 17. Bd3 Nh6 18. h3 Be7 19. Ne3 d4 20. Nc2 Rad8 21. Be4 dxc3
22. dxc3 Rd7 23. Ne3 Qc7 24. Nc4 b6 25. Qf3 Rc8 26. Rfd1 Nb8 1/2-1/2

[Event "DMP - II Liga seniorow"]
[Site "Mrzezyno"]
[Date "2011.09.06"]
[Round "4"]
[White "Swierczewski, Marek"]
[Black "Krainski, Slawomir"]
[Result "1/2-1/2"]
[WhiteElo "2159"]
[BlackElo "2092"]
[PlyCount "71"]
[EventDate "2011.09.??"]

1. e4 e6 2. d4 d5 3. Nc3 Bb4 4. exd5 exd5 5. Bd3 c6 6. Nge2 Bg4 7. f3 Bh5 8.
Ng3 Qh4 9. Qe2+ Ne7 10. Qe5 Bg6 11. Bg5 f6 12. Qxe7+ Bxe7 13. Bxh4 Bxd3 14.
cxd3 g5 15. O-O-O gxh4 16. Nf5 Kf7 17. Rde1 Re8 18. Re2 Na6 19. Rhe1 Bf8 20.
Rxe8 Rxe8 21. Rxe8 Kxe8 22. Nxh4 Nb4 23. Kd2 Bh6+ 24. Ke2 Bc1 25. b3 Bb2 26.
Kd2 Bxc3+ 27. Kxc3 Nxa2+ 28. Kb2 Nb4 29. Kc3 a5 30. Nf5 Kd7 31. g4 Na6 32. Kb2
Nb4 33. Kc3 Na6 34. Kb2 Nc7 35. Kc3 Na6 36. Kb2 1/2-1/2

[Event "DMP - II Liga seniorow"]
[Site "Mrzezyno"]
[Date "2011.09.06"]
[Round "4"]
[White "Filipek, Halina"]
[Black "Barburzynska, Magdalena"]
[Result "0-1"]
[WhiteElo "1729"]
[BlackElo "1932"]
[PlyCount "54"]
[EventDate "2011.09.??"]

1. d4 g6 2. Nf3 Bg7 3. Bf4 d6 4. e3 Nd7 5. Be2 Ngf6 6. h3 c5 7. c3 O-O 8. O-O
b6 9. Nbd2 Bb7 10. Qb3 d5 11. a4 c4 12. Qa3 a6 13. b3 b5 14. Qb2 Bc6 15. axb5
axb5 16. Rxa8 Qxa8 17. bxc4 dxc4 18. Bg3 Nb6 19. Rc1 Na4 20. Qa3 Nd5 21. Ne1
Bh6 22. Bf3 Nxe3 23. Bxc6 Qxc6 24. Nef3 Nd5 25. Rc2 Bxd2 26. Nxd2 Naxc3 27. Qc1
Ne2+ 0-1

[Event "DMP - II Liga seniorow"]
[Site "Mrzezyno"]
[Date "2011.09.06"]
[Round "4"]
[White "Gralka, Julian"]
[Black "Fudalej, Michal"]
[Result "1-0"]
[WhiteElo "2247"]
[BlackElo "2253"]
[PlyCount "71"]
[EventDate "2011.09.??"]

1. d4 Nf6 2. c4 g6 3. Nc3 Bg7 4. e4 d6 5. Nf3 O-O 6. Be2 e5 7. O-O Nc6 8. d5
Ne7 9. b4 a5 10. Ba3 axb4 11. Bxb4 b6 12. a4 Ne8 13. Nb5 f5 14. Nd2 Bh6 15. Bd3
c5 16. dxc6 Nxc6 17. Ba3 Bb7 18. Nb1 Na5 19. N1c3 Rc8 20. Qe2 Nb3 21. Rad1 Nc5
22. Bc2 Rf7 23. Nd5 Bf8 24. exf5 gxf5 25. f4 e4 26. Bb2 Bg7 27. Bxg7 Rxg7 28.
Ne3 Qf6 29. Nd4 Rd7 30. Ndxf5 Ng7 31. Ng4 Qc3 32. Nxd6 Rf8 33. Nxb7 Rxb7 34.
Bxe4 Re8 35. Ne5 Nxe4 36. Qxe4 1-0

[Event "DMP - II Liga seniorow"]
[Site "Mrzezyno"]
[Date "2011.09.06"]
[Round "4"]
[White "Urbanski, Grzegorz"]
[Black "Gralka, Przemyslaw"]
[Result "1/2-1/2"]
[WhiteElo "2177"]
[BlackElo "2288"]
[PlyCount "85"]
[EventDate "2011.09.??"]

1. e4 d5 2. exd5 Qxd5 3. Nc3 Qa5 4. Bc4 Nf6 5. d3 c6 6. Bd2 Bg4 7. f3 Bh5 8. h4
h6 9. Nge2 e5 10. Ng3 Qc7 11. Qe2 Nbd7 12. Nce4 Be7 13. Nf5 Bf8 14. O-O-O Bg6
15. Nxf6+ Nxf6 16. Ng3 O-O-O 17. Ne4 Nd5 18. Rde1 f6 19. g4 Be7 20. g5 hxg5 21.
hxg5 Rxh1 22. Rxh1 f5 23. Nc3 Nxc3 24. bxc3 Ba3+ 25. Kd1 Re8 26. Qf2 b5 27. Bb3
a5 28. Rh4 Kb7 29. Bc1 Bxc1 30. Kxc1 a4 31. Bxa4 bxa4 32. Rb4+ Kc8 33. Rxa4 c5
34. Rc4 Re6 35. Rxc5 Rc6 36. Rxc6 Qxc6 37. c4 f4 38. Qa7 Qb7 39. Qc5+ Qc7 40.
Qf8+ Kb7 41. Qb4+ Qb6 42. Qe7+ Qc7 43. Qb4+ 1/2-1/2

[Event "DMP - II Liga seniorow"]
[Site "Mrzezyno"]
[Date "2011.09.06"]
[Round "4"]
[White "Wozniak, Marcin"]
[Black "Stanisz, Patryk"]
[Result "1-0"]
[WhiteElo "2200"]
[BlackElo "2191"]
[PlyCount "101"]
[EventDate "2011.09.??"]

1. c4 c6 2. e4 d5 3. exd5 cxd5 4. d4 Nf6 5. Nc3 Nc6 6. Nf3 Bg4 7. cxd5 Nxd5 8.
Qb3 Bxf3 9. gxf3 e6 10. Qxb7 Nxd4 11. Bb5+ Nxb5 12. Qc6+ Ke7 13. Qxb5 Nxc3 14.
bxc3 Qd7 15. Qa6 Qc7 16. O-O Kf6 17. Rd1 Bc5 18. Qa4 g5 19. Qg4 Rag8 20. c4 Qe5
21. Rb1 Rb8 22. f4 Qf5 23. Bb2+ Rxb2 24. Qxg5+ Qxg5+ 25. fxg5+ Kxg5 26. Rxb2 h5
27. Rb3 Kf4 28. Rdd3 f5 29. Rb5 Rf8 30. Rh3 Kg4 31. Rd3 e5 32. Kg2 Kf4 33. Rf3+
Kg4 34. h3+ Kg5 35. Rb7 e4 36. h4+ Kf6 37. Rfb3 Rg8+ 38. Rg3 Rd8 39. Rb5 f4 40.
Rg5 f3+ 41. Kg3 Bd6+ 42. Kh3 Bc7 43. Rbc5 Bb8 44. Rcd5 Re8 45. Rxh5 e3 46.
Rdf5+ Kg6 47. fxe3 Rxe3 48. Rhg5+ Kh6 49. Rf6+ Kh7 50. Kg4 Re4+ 51. Kh5 1-0

[Event "DMP - II Liga seniorow"]
[Site "Mrzezyno"]
[Date "2011.09.06"]
[Round "4"]
[White "Mazalon, Mariusz"]
[Black "Rzepka, Krzysztof"]
[Result "1/2-1/2"]
[WhiteElo "2023"]
[BlackElo "2179"]
[PlyCount "123"]
[EventDate "2011.09.??"]

1. d4 Nf6 2. c4 g6 3. Nc3 Bg7 4. e4 d6 5. Nf3 O-O 6. h3 c5 7. d5 Re8 8. Bd3 e6
9. O-O exd5 10. cxd5 Na6 11. Re1 Nc7 12. a4 b6 13. Bg5 h6 14. Be3 Qe7 15. Nd2
Nd7 16. f4 Ba6 17. Bxa6 Nxa6 18. Bf2 Qf6 19. Qg4 Rad8 20. Nc4 h5 21. Qf3 Bh6
22. g3 Nb4 23. Re2 Ne5 24. Nxe5 Rxe5 25. Kg2 Re7 26. Rd1 Red7 27. e5 dxe5 28.
Ne4 Qf5 29. g4 hxg4 30. hxg4 Qxf4 31. Nf6+ Kg7 32. Nxd7 Rxd7 33. Bg3 Qxf3+ 34.
Kxf3 f6 35. Ke4 Kf7 36. Rh2 Bg7 37. Be1 Na6 38. Bc3 Nc7 39. Rf2 Ke7 40. b4 Ne8
41. bxc5 bxc5 42. Rb2 Nd6+ 43. Kd3 f5 44. gxf5 e4+ 45. Kc2 Bxc3 46. Kxc3 gxf5
47. Rh2 Kf6 48. Rh6+ Kg5 49. Re6 Kf4 50. Rf1+ Ke3 51. Rxd6 Rxd6 52. Rxf5 Ra6
53. Kc4 Rxa4+ 54. Kxc5 Kd3 55. Rf4 Rc4+ 56. Kb5 Rc8 57. d6 e3 58. Ra4 e2 59.
Ra3+ Kd2 60. Ra2+ Ke3 61. Rxa7 Rb8+ 62. Kc6 1/2-1/2

[Event "DMP - II Liga seniorow"]
[Site "Mrzezyno"]
[Date "2011.09.06"]
[Round "4"]
[White "Halamus, Agata"]
[Black "Wesolowska, Edyta"]
[Result "1-0"]
[WhiteElo "2089"]
[BlackElo "1957"]
[PlyCount "57"]
[EventDate "2011.09.??"]

1. e4 c5 2. Nf3 d6 3. d4 cxd4 4. Nxd4 Nf6 5. Nc3 Nc6 6. Bg5 e6 7. Qd2 Be7 8.
O-O-O O-O 9. Nb3 a5 10. Bxf6 gxf6 11. h4 a4 12. Nd4 a3 13. b3 Qa5 14. Rh3 Kh8
15. Ndb5 e5 16. Rg3 Be6 17. Nxd6 Rg8 18. Rxg8+ Rxg8 19. Ncb5 Nb4 20. Kb1 Rd8
21. Be2 Kg7 22. Qe3 Nc6 23. g4 Rd7 24. c4 Nd4 25. Nf5+ Bxf5 26. gxf5 Nxe2 27.
Rxd7 Qe1+ 28. Kc2 Bb4 29. Rd1 1-0

[Event "DMP - II Liga seniorow"]
[Site "Mrzezyno"]
[Date "2011.09.06"]
[Round "4"]
[White "Plichta, Kamil"]
[Black "Galyga, Zbigniew"]
[Result "1/2-1/2"]
[WhiteElo "2177"]
[BlackElo "2147"]
[PlyCount "78"]
[EventDate "2011.09.??"]

1. d4 d5 2. c4 e6 3. Nc3 c6 4. e4 dxe4 5. Nxe4 Bb4+ 6. Bd2 Qxd4 7. Bxb4 Qxe4+
8. Be2 Na6 9. Ba5 f6 10. Qd8+ Kf7 11. O-O-O b6 12. Bc3 e5 13. Bd3 Qg4 14. Bc2
Nc5 15. Nf3 Bb7 16. Qc7+ Ne7 17. Qxe5 Qxf3 18. Qxe7+ Kxe7 19. gxf3 Rad8 20.
Rxd8 Rxd8 21. Bxh7 Nd3+ 22. Kc2 Nxf2 23. Rg1 g5 24. Bg6 Bc8 25. Re1+ Kd7 26.
Bxf6 Rf8 27. Bxg5 Rxf3 28. h4 Kd6 29. h5 Bf5+ 30. Kd2 Ng4 31. b3 Ne5 32. Be7+
Ke6 33. Bxf5+ Rxf5 34. h6 Kxe7 35. h7 Rf2+ 36. Kc3 Rh2 37. Rxe5+ Kd6 38. Rg5
Rxh7 39. Kb4 Kc7 1/2-1/2